Đọc, lập và phân tích báo cáo tài chính trong công ty cổ phần
Công ty cổ phần và tài chính trong công ty cổ phần. Báo cáo tài chính và phương pháp lập báo cáo tài chính ở công ty cổ phần. Tổng quan về phân tích tài chính trong công ty cổ phần. Phân tích tình hình tài chính và phân tích dự báo trong cô...
Spremljeno u:
| Glavni autor: | |
|---|---|
| Format: | Knjiga |
| Jezik: | Undetermined |
| Izdano: |
Hà Nội
Tài Chính
2000
|
| Teme: | |
| Oznake: |
Dodaj oznaku
Bez oznaka, Budi prvi tko označuje ovaj zapis!
|
| Thư viện lưu trữ: | Trung tâm Học liệu Trường Đại học Cần Thơ |
|---|
| LEADER | 01023nam a2200205Ia 4500 | ||
|---|---|---|---|
| 001 | CTU_39357 | ||
| 008 | 210402s9999 xx 000 0 und d | ||
| 020 | |c 38000 | ||
| 082 | |a 658.1511 | ||
| 082 | |b Ch300 | ||
| 100 | |a Ngô, Thế Chi | ||
| 245 | 0 | |a Đọc, lập và phân tích báo cáo tài chính trong công ty cổ phần | |
| 245 | 0 | |c Ngô Thế Chi, Nguyễn Trọng Cơ | |
| 260 | |a Hà Nội | ||
| 260 | |b Tài Chính | ||
| 260 | |c 2000 | ||
| 520 | |a Công ty cổ phần và tài chính trong công ty cổ phần. Báo cáo tài chính và phương pháp lập báo cáo tài chính ở công ty cổ phần. Tổng quan về phân tích tài chính trong công ty cổ phần. Phân tích tình hình tài chính và phân tích dự báo trong công ty cổ phần | ||
| 650 | |a Financial management,Management accounting | ||
| 904 | |i Trọng Hải | ||
| 980 | |a Trung tâm Học liệu Trường Đại học Cần Thơ | ||